000 00416nam a2200157Ia 4500
003 LK-CoDNM
008 010623t2000 xxu||||| |||| 00| 1 eng d
040 _aLK-CoDNM
_dLK-CoDNM
_eLK-CoDNM
041 _aeng
080 _a32
_bDES
100 _aDe Silva,K.M
245 _aPursuit Of Peace In Sri Lanka
260 _bInternational Centre For Ethnic Studies
_aColombo
_c2000
300 _b389p.;22 cm cm
942 _cBK
999 _c120104
_d120104